000 01255nam a22002057a 4500
003 JO-AjAnu
005 20250323101129.0
008 250316b jo ||||| |||| 00| 0 ara d
040 _aJO-AjAnu
_bara
_cJO-AjAnu
_dJO-AjAnu
_erda
041 _aara
_hara
050 _aBP170.25
_b2025
100 1 _aقريق، حمزة توفيق خليل
_eمعد
_966524
245 0 _aإمكانية استثمار الوقف من خلال المصارف الإسلامية الأردنية : دائرة تنمية أموال الوقف الأردنية انموذجا = The Possibility of Investing the Endowment Through Jordanian Islamic Banks : the Jordanian Endowment Funds Development Department as A Model /
_cاعداد حمزة توفيق خليل قريق ؛ اشراف محمد طعمة القضاة
260 _c2025
300 _a170 ورقة
504 _aرسالة جامعية ( رسالة ماجستير في المصارف الاسلامية) - جامعة عجلون الوطنية، (عجلون، الاردن) - كلية الاعمال، قسم المصارف الاسلامية، 2025.
650 0 _aالمصارف الاسلامية - الوقف.
_966525
700 1 _aالقضاة، محمد طعمة
_962175
_eمشرف
942 _2lcc
_cTHS
_n0
999 _c33905
_d33905